000 00734nam a2200241 a 4500
001 BRCA_4700
005 20190320204754.0
008 011010s1963----sp-a######---#000-0#spa-#
041 _aspa
044 _asp
050 4 _aND813
_b.P36 1963
100 1 _aPantorba, Bernardino de
_911923
245 1 0 _aSorolla
_bun estudio biográfico y crítico
_cBernardino de Pantorba.
260 _aMadrid
_bCompañía Bibliográfica Española
_c1963
300 _a165 p.
_bil., 128 láminas.
_c19 cm.
500 _aCFG29
504 _aBibliografía: p. 167-169
600 1 4 _aSorolla y Bastida, Joaquín
_d1863-1923
_97831
650 1 4 _aPintores españoles
_97620
710 2 _aMuseo Sorolla (España)
_911924
902 _aGFM
942 _2lcc
_cB
999 _c4400
_d4400